[Event "SG Porz 2 - SV Letmathe 1"]
[Site "Oberliga NRW 2015/2016"]
[Date "2015.12.20"]
[Round "4.4"]
[White "Xu, Xianliang"]
[Black "Soukup, Jiri"]
[Result "0-1"]
[WhiteElo "2236"]
[BlackElo "2308"]
[PlyCount "84"]
[EventDate "2015.??.??"]
[WhiteTeam "SG Porz 2"]
[BlackTeam "SV Letmathe 1"]

1. c4 e5 2. g3 Nf6 3. Bg2 c6 4. d4 exd4 5. Qxd4 Na6 6. Nf3 Bc5 7. Qe5+ Qe7 8.
Qxe7+ Kxe7 9. Nc3 Re8 10. O-O Kf8 11. a3 d5 12. cxd5 Nxd5 13. Nxd5 cxd5 14. e3
Bf5 15. b4 Bb6 16. Bb2 Nc7 17. Rac1 Rac8 18. Rfd1 Bd7 19. Nd4 Ba4 20. Re1 g6
21. Ne2 Bb3 22. Nf4 Rcd8 23. Nd3 Ne6 24. Bf6 Rd6 25. Be5 Rd7 26. Rc3 Ba4 27.
Nb2 Bc6 28. a4 Nd8 29. Bf6 d4 30. Ra3 dxe3 31. fxe3 Re6 32. Bxd8 Rxd8 33. Nc4
Bxg2 34. Kxg2 Rc8 35. Nxb6 Rc2+ 36. Kh3 Rxb6 37. b5 Rf6 38. Rd3 Rff2 39. Rd7
Rxh2+ 40. Kg4 Rcf2 41. e4 f6 42. Rxb7 h5# 0-1

[Event "SG Porz 2 - SV Letmathe 1"]
[Site "Oberliga NRW 2015/2016"]
[Date "2015.12.20"]
[Round "4.5"]
[White "Gruermann, Martin"]
[Black "Gallinnis, Norbert"]
[Result "1-0"]
[WhiteElo "2128"]
[BlackElo "2212"]
[PlyCount "43"]
[EventDate "2015.??.??"]
[WhiteTeam "SV Letmathe 1"]
[BlackTeam "SG Porz 2"]

1. e4 c5 2. Nf3 d6 3. d4 cxd4 4. Qxd4 Nc6 5. Bb5 Qd7 6. Qd3 a6 7. Bxc6 Qxc6 8.
O-O e6 9. c4 Be7 10. e5 dxe5 11. Nxe5 Qc7 12. Bf4 Qa5 13. Qg3 g6 14. Bd2 Qc7
15. Nxf7 Qxc4 16. Nxh8 Nf6 17. Nc3 b5 18. Bg5 b4 19. Qf3 bxc3 20. Bxf6 cxb2 21.
Bxb2 Rb8 22. Rac1 1-0

[Event "SG Porz 2 - SV Letmathe 1"]
[Site "Oberliga NRW 2015/2016"]
[Date "2015.12.20"]
[Round "4.6"]
[White "Fieberg, Samuel"]
[Black "Haude, Ruediger"]
[Result "1-0"]
[WhiteElo "2181"]
[BlackElo "2035"]
[Annotator "Hausrath,Daniel"]
[PlyCount "65"]
[EventDate "2015.??.??"]
[WhiteTeam "SG Porz 2"]
[BlackTeam "SV Letmathe 1"]

1. e4 d5 2. exd5 Qxd5 3. Nc3 Qa5 4. d4 c6 5. Nf3 Nf6 6. Bc4 Bg4 7. h3 Bxf3 8.
Qxf3 e6 9. O-O Bd6 10. Bd2 Qc7 11. Ne4 Nxe4 12. Qxe4 O-O 13. Bd3 g6 14. Rae1
Nd7 15. Qh4 Rfe8 16. Bg5 Qb6 17. c3 c5 18. Re2 cxd4 19. cxd4 Qa5 20. Be4 Qb5
21. Bf3 Rac8 $11 22. Re3 Qxb2 23. Rb3 Qxa2 24. Rxb7 Rc7 25. Rxc7 Bxc7 26. Bc6
f6 27. Bf4 g5 28. Qh5 Bxf4 29. Qxe8+ Nf8 30. d5 exd5 31. Qd8 Kg7 32. Qe7+ Kg8
33. Qb7 1-0

[Event "SG Porz 2 - SV Letmathe 1"]
[Site "Oberliga NRW 2015/2016"]
[Date "2015.12.20"]
[Round "4.7"]
[White "Pfleger, Sascha"]
[Black "Wagenknecht, Uwe"]
[Result "1-0"]
[WhiteElo "1985"]
[BlackElo "2161"]
[PlyCount "79"]
[EventDate "2015.??.??"]
[WhiteTeam "SV Letmathe 1"]
[BlackTeam "SG Porz 2"]

1. d4 Nf6 2. c4 g6 3. Nc3 Bg7 4. e4 d6 5. Be2 c5 6. d5 Qa5 7. Bd2 O-O 8. a4 a6
9. Ra3 e6 10. Nf3 Qc7 11. O-O exd5 12. exd5 Nbd7 13. h3 h6 14. Bf4 Nh5 15. Bh2
f5 16. Nh4 g5 17. Ng6 Nhf6 18. Ne7+ Kh8 19. Nxf5 Ne5 20. Nxg7 Kxg7 21. Bxe5
dxe5 22. Bf3 Qf7 23. Ne4 Nxe4 24. Bxe4 Bd7 25. Re3 b5 26. Rf3 Qe8 27. Rxf8 Qxf8
28. d6 Rc8 29. Qd5 Qf6 30. axb5 axb5 31. cxb5 Be6 32. Qb7+ Qf7 33. Rd1 Qxb7 34.
Bxb7 Rd8 35. Bc6 Kf6 36. Rd3 Ba2 37. b6 Ke6 38. b7 Bc4 39. Ra3 Kxd6 40. Ra8 1-0

[Event "SG Porz 2 - SV Letmathe 1"]
[Site "Oberliga NRW 2015/2016"]
[Date "2015.12.20"]
[Round "4.8"]
[White "Liard, Thibaud"]
[Black "Schaar, Axel"]
[Result "1-0"]
[WhiteElo "2128"]
[BlackElo "1828"]
[PlyCount "67"]
[EventDate "2015.??.??"]
[WhiteTeam "SG Porz 2"]
[BlackTeam "SV Letmathe 1"]

1. d4 f5 2. g3 Nf6 3. Bg2 e6 4. c4 d6 5. Nc3 Be7 6. e4 O-O 7. exf5 exf5 8. Nge2
c6 9. O-O Be6 10. b3 d5 11. Nf4 Bf7 12. cxd5 cxd5 13. Bb2 Nc6 14. Re1 Qd7 15.
Nd3 Rfe8 16. Ne5 Nxe5 17. dxe5 Ne4 18. Nxe4 fxe4 19. Bxe4 Rad8 20. Bg2 Bb4 21.
Re3 Bg6 22. Qd4 Qe7 23. Rc1 b6 24. Bxd5+ Kh8 25. Re2 Bh5 26. g4 Qg5 27. h3 Bc5
28. Qe4 Rf8 29. b4 Rf4 30. Qg2 Rxd5 31. Qxd5 Bxg4 32. Qg2 Qh5 33. e6 Bxe2 34.
Qxg7# 1-0

[Event "Klub Kölner SF 1 - SVG Plettenberg 1"]
[Site "Oberliga NRW 2015/2016"]
[Date "2015.12.20"]
[Round "4.1"]
[White "Haub, Thorsten Michael"]
[Black "Tugui, Adrian"]
[Result "1-0"]
[WhiteElo "2333"]
[BlackElo "2359"]
[PlyCount "61"]
[EventDate "2015.??.??"]
[WhiteTeam "SVG Plettenberg 1"]
[BlackTeam "Klub Kölner SF 1"]

1. g3 d5 2. Bg2 Nf6 3. d3 g6 4. Nd2 Bg7 5. e4 Nc6 6. Ngf3 e5 7. O-O O-O 8. c3
a5 9. a4 h6 10. exd5 Nxd5 11. Re1 Re8 12. Nc4 Bf5 13. Ra3 Nb6 14. Nxb6 cxb6 15.
Bf1 Bf8 16. Rb3 e4 17. Nh4 Be6 18. Rb5 g5 19. Nf5 exd3 20. Bxd3 Qf6 21. Be3 Bc5
22. Bxc5 Bxf5 23. Rxe8+ Rxe8 24. Bxf5 Qxf5 25. Bd4 Qd7 26. Qh5 Re6 27. Rxg5+
Kf8 28. Rd5 Re1+ 29. Kg2 Qe6 30. Be3 Ke8 31. Qf5 1-0

[Event "Klub Kölner SF 1 - SVG Plettenberg 1"]
[Site "Oberliga NRW 2015/2016"]
[Date "2015.12.20"]
[Round "4.2"]
[White "Strohhaeker, Raoul"]
[Black "Bosch, Jeroen"]
[Result "1/2-1/2"]
[WhiteElo "2367"]
[BlackElo "2352"]
[Annotator "Hausrath,Daniel"]
[PlyCount "119"]
[EventDate "2015.??.??"]
[WhiteTeam "Klub Kölner SF 1"]
[BlackTeam "SVG Plettenberg 1"]

1. e4 c5 2. Nf3 Nc6 3. d4 cxd4 4. Nxd4 Nf6 5. Nc3 d6 6. f3 g6 7. Be3 Bg7 8. Qd2
O-O 9. O-O-O d5 10. Kb1 Rb8 11. b3 Nxd4 12. Bxd4 dxe4 13. Bxa7 Qxd2 14. Rxd2
Ra8 15. Bd4 Rd8 16. Be2 Bf5 17. Rhd1 Bh6 18. Be3 Rxd2 19. Bxd2 Bg7 20. fxe4
Nxe4 21. Nd5 Nxd2+ 22. Rxd2 Kf8 23. g4 Be4 24. Nb6 Bc3 25. Rd1 Ra5 26. b4 Bxb4
27. Rd4 Bxc2+ 28. Kxc2 Rxa2+ 29. Kd3 Rd2+ 30. Ke3 Rxd4 31. Kxd4 Be1 32. Nd7+
Kg7 33. Ke4 Bf2 34. Ne5 Bc5 35. h3 Bd6 $11 36. Nc4 Bc7 37. Ne3 Bd6 38. Bb5 h6
39. Bd7 e6 40. Kf3 Kf6 41. Nc4 Bc7 42. Nd2 Ke7 43. Bb5 f5 44. Nb3 Kf6 45. Bd7
e5 46. Kg2 b6 47. Nd2 fxg4 48. Bxg4 Bd8 49. Ne4+ Kg7 50. Bd7 Be7 51. Kf3 h5 52.
Be8 b5 53. Bxb5 g5 54. Kg3 g4 55. h4 Bb4 56. Kf2 Be7 57. Kg3 Bb4 58. Kg2 Be1
59. Nd6 Kf6 60. Be8 1/2-1/2

[Event "Klub Kölner SF 1 - SVG Plettenberg 1"]
[Site "Oberliga NRW 2015/2016"]
[Date "2015.12.20"]
[Round "4.3"]
[White "Klip, Hans"]
[Black "Morawietz, Dieter"]
[Result "0-1"]
[WhiteElo "2346"]
[BlackElo "2369"]
[PlyCount "106"]
[EventDate "2015.??.??"]
[WhiteTeam "SVG Plettenberg 1"]
[BlackTeam "Klub Kölner SF 1"]

1. e4 e6 2. d4 d5 3. Nc3 Bb4 4. e5 c5 5. dxc5 Ne7 6. Nf3 Nd7 7. Bd3 Ng6 8. O-O
Ndxe5 9. Nxe5 Nxe5 10. Bf4 Bxc3 11. bxc3 Nxd3 12. cxd3 O-O 13. Bd6 Re8 14. f4
b6 15. Rf3 bxc5 16. Bxc5 f6 17. Qa4 Bb7 18. d4 Qc7 19. Qa3 Bc6 20. Re1 a5 21.
g4 Rad8 22. g5 fxg5 23. fxg5 e5 24. Qc1 e4 25. Rg3 Re6 26. Qe3 Bb5 27. Rg2 Qd7
28. Qg3 Rde8 29. Re3 Bc4 30. Rf2 Rg6 31. h4 h6 32. Qf4 Kh7 33. Kh2 Rc8 34. Rg2
Qc7 35. Qxc7 Rxc7 36. Reg3 Rb7 37. a3 Rf7 38. Re3 Rf4 39. Be7 Rxh4+ 40. Kg1 Rf4
41. Rgg3 h5 42. Bd8 a4 43. Rg2 Re6 44. Bc7 Rf1+ 45. Kh2 Rd1 46. Be5 Kg6 47. Rf2
Rb6 48. Rg3 h4 49. Rg4 e3 50. Rf6+ gxf6 51. gxf6+ Kh5 52. f7 Kxg4 53. f8=Q Rb2+
0-1

[Event "Klub Kölner SF 1 - SVG Plettenberg 1"]
[Site "Oberliga NRW 2015/2016"]
[Date "2015.12.20"]
[Round "4.4"]
[White "Wacker, Peter"]
[Black "Bouaraba, Max"]
[Result "1-0"]
[WhiteElo "2287"]
[BlackElo "2197"]
[PlyCount "75"]
[EventDate "2015.??.??"]
[WhiteTeam "Klub Kölner SF 1"]
[BlackTeam "SVG Plettenberg 1"]

1. e4 c5 2. Nf3 e6 3. b3 Nc6 4. Bb2 d6 5. d4 cxd4 6. Nxd4 Bd7 7. Nd2 Nf6 8. Bd3
Be7 9. O-O O-O 10. Nxc6 Bxc6 11. Qe2 d5 12. c4 dxe4 13. Nxe4 Nxe4 14. Bxe4 Qb6
15. Bc2 Rfd8 16. Qg4 Bf8 17. Bc3 g6 18. Qg5 Bg7 19. Ba5 Rd5 20. cxd5 Qxa5 21.
Rad1 exd5 22. a4 Re8 23. Rd3 Re2 24. Bd1 h6 25. Qg3 Rb2 26. Bf3 Qc5 27. Qf4 Qc2
28. Bxd5 Bxd5 29. Rxd5 Qxb3 30. Rfd1 Rb1 31. Qd2 Rb2 32. Rd8+ Kh7 33. Qd5 Qxa4
34. Qxf7 Qb3 35. R8d7 Qc3 36. h4 h5 37. g3 Re2 38. R1d6 1-0

[Event "Klub Kölner SF 1 - SVG Plettenberg 1"]
[Site "Oberliga NRW 2015/2016"]
[Date "2015.12.20"]
[Round "4.5"]
[White "Pieper, Dawid"]
[Black "Helbig, Mark"]
[Result "1/2-1/2"]
[WhiteElo "2165"]
[BlackElo "2268"]
[PlyCount "87"]
[EventDate "2015.??.??"]
[WhiteTeam "SVG Plettenberg 1"]
[BlackTeam "Klub Kölner SF 1"]

1. e4 c6 2. d3 d5 3. Nd2 g6 4. Ngf3 Bg7 5. g3 e5 6. Bg2 Ne7 7. O-O O-O 8. b4 a5
9. bxa5 Qxa5 10. Bb2 d4 11. a4 Qc7 12. c3 c5 13. cxd4 cxd4 14. Nc4 Nbc6 15. Qb3
Ra6 16. Rfc1 Bh6 17. Rc2 Be6 18. Qb5 Rfa8 19. Nfxe5 Nxe5 20. Qxe5 Qxe5 21. Nxe5
Rxa4 22. Rxa4 Rxa4 23. f4 Ra2 24. Rf2 f6 25. Nf3 Nc6 26. Bxd4 Nxd4 27. Nxd4
Ra1+ 28. Rf1 Rxf1+ 29. Kxf1 Bd7 30. Ke2 Bf8 31. Nc2 Ba4 32. Kd2 Bxc2 33. Kxc2
Bc5 34. h3 Bf2 35. g4 Kf7 36. Kc3 Bg3 37. f5 gxf5 38. gxf5 Ke7 39. d4 Kd6 40.
Kc4 Bf2 41. Bf3 b6 42. Bh5 Bg3 43. Bf7 Bf2 44. Bh5 1/2-1/2

[Event "Klub Kölner SF 1 - SVG Plettenberg 1"]
[Site "Oberliga NRW 2015/2016"]
[Date "2015.12.20"]
[Round "4.6"]
[White "Ludwig, Peter"]
[Black "Schulze, Marc"]
[Result "0-1"]
[WhiteElo "2184"]
[BlackElo "2076"]
[PlyCount "118"]
[EventDate "2015.??.??"]
[WhiteTeam "Klub Kölner SF 1"]
[BlackTeam "SVG Plettenberg 1"]

1. Nf3 c5 2. c4 Nc6 3. g3 g6 4. Bg2 Bg7 5. Nc3 Nf6 6. O-O O-O 7. a3 d5 8. cxd5
Nxd5 9. Nxd5 Qxd5 10. d3 Qd6 11. Bf4 e5 12. Be3 b6 13. b4 cxb4 14. axb4 Bb7 15.
b5 Ne7 16. Ra4 f5 17. Bd2 Qd7 18. Bb4 Bf6 19. Bxe7 Qxe7 20. Qb3+ Qf7 21. Qxf7+
Rxf7 22. Rc1 Rd7 23. Ne1 Bxg2 24. Nxg2 Rd5 25. Rb1 Bg5 26. f4 exf4 27. gxf4 Be7
28. Kf2 a5 29. Kf3 Bc5 30. Rb3 Rad8 31. Ne1 Rd4 32. Rxd4 Rxd4 33. Nc2 Rd8 34.
e3 Bf8 35. Rc3 Rd5 36. Nd4 Rd8 37. Rc7 Ra8 38. Rc2 a4 39. Nc6 a3 40. Ra2 Ra4
41. Ke2 h6 42. Kd2 g5 43. fxg5 Rh4 44. Kc3 hxg5 45. Rg2 g4 46. Nd4 Bg7 47. Kb3
Bxd4 48. exd4 f4 49. Kxa3 f3 50. Ra2 Rxh2 51. Rxh2 g3 52. Rh3 g2 53. Rg3+ Kh7
54. Rxf3 g1=Q 55. Rf7+ Kg8 56. Rd7 Qb1 57. Rd5 Kf7 58. Rf5+ Ke6 59. Re5+ Kd6
0-1

[Event "Klub Kölner SF 1 - SVG Plettenberg 1"]
[Site "Oberliga NRW 2015/2016"]
[Date "2015.12.20"]
[Round "4.7"]
[White "Kuhnen, Thomas"]
[Black "Bonnmann, Reinhard"]
[Result "1/2-1/2"]
[WhiteElo "2084"]
[BlackElo "2237"]
[PlyCount "193"]
[EventDate "2015.??.??"]
[WhiteTeam "SVG Plettenberg 1"]
[BlackTeam "Klub Kölner SF 1"]

1. e4 c5 2. Nc3 Nc6 3. f4 g6 4. Nf3 Bg7 5. Bb5 Nd4 6. Bd3 Nh6 7. Nd5 O-O 8. c3
Nc6 9. O-O e6 10. Ne3 d5 11. Qe2 a6 12. e5 f6 13. exf6 Rxf6 14. g3 b5 15. Bc2
Rf8 16. Nd1 Qd6 17. Nf2 Bd7 18. Nd3 Nf7 19. Re1 c4 20. Nde5 Nfxe5 21. Nxe5 Qc5+
22. Qe3 Qxe3+ 23. Rxe3 Bxe5 24. fxe5 d4 25. cxd4 Nxd4 26. Be4 Bc6 27. Bxc6 Nxc6
28. b3 Nd4 29. Re4 Rad8 30. bxc4 bxc4 31. Kg2 Rf5 32. g4 Rf7 33. Rb1 Nf3 34.
Rb6 Nh4+ 35. Kg3 g5 36. Re3 Rd3 37. Rxd3 cxd3 38. h3 Rf3+ 39. Kh2 Rf1 40. Rc6
Rf2+ 41. Kg1 Re2 42. Kf1 Rxe5 43. Rxa6 Re2 44. Rc6 Nf3 45. a4 Nh2+ 46. Kg1 Nf3+
47. Kf1 Kf7 48. Rc3 Nh2+ 49. Kg1 Nf3+ 50. Kf1 Nxd2+ 51. Bxd2 Rxd2 52. Ke1 Re2+
53. Kd1 Ra2 54. Rxd3 Rxa4 55. Ke2 Kg6 56. Kf2 h5 57. gxh5+ Kxh5 58. Re3 Ra6 59.
Kg3 Rb6 60. Re4 Rc6 61. Re3 Rd6 62. Re4 Kg6 63. Re1 Rd3+ 64. Kg4 Rd4+ 65. Kg3
Kf5 66. Rf1+ Rf4 67. Rb1 Re4 68. Rf1+ Rf4 69. Rb1 e5 70. Ra1 e4 71. Ra5+ Kg6
72. Re5 Kf6 73. Re8 Rf3+ 74. Kg2 Re3 75. Kf2 Rf3+ 76. Kg2 Rf4 77. Kg3 Kf5 78.
Kg2 Rh4 79. Rf8+ Ke5 80. Kg3 Rh6 81. Rg8 Kf5 82. Ra8 Re6 83. Rf8+ Ke5 84. Rg8
e3 85. Kf3 Kf6 86. Ke2 Re4 87. Rf8+ Kg6 88. Rg8+ Kf5 89. Rf8+ Ke5 90. Rf7 Kd4
91. Rd7+ Ke5 92. Rf7 Ra4 93. Kxe3 Ra3+ 94. Kf2 Rxh3 95. Kg2 g4 96. Rf8 Ke4 97.
Rg8 1/2-1/2

[Event "Klub Kölner SF 1 - SVG Plettenberg 1"]
[Site "Oberliga NRW 2015/2016"]
[Date "2015.12.20"]
[Round "4.8"]
[White "Wisskirchen, Andreas"]
[Black "Richardt, Mike"]
[Result "1/2-1/2"]
[WhiteElo "2188"]
[BlackElo "1971"]
[Annotator "Hausrath,Daniel"]
[PlyCount "117"]
[EventDate "2015.??.??"]
[WhiteTeam "Klub Kölner SF 1"]
[BlackTeam "SVG Plettenberg 1"]

1. d4 d5 2. Nf3 Nf6 3. c4 c6 4. Nc3 e6 5. e3 Bd6 6. Bd3 Nbd7 7. O-O O-O 8. e4
dxe4 9. Nxe4 Nxe4 10. Bxe4 e5 11. dxe5 Nxe5 12. Nxe5 Bxe5 13. Bxh7+ Kxh7 14.
Qh5+ Kg8 15. Qxe5 Re8 16. Qc3 Bf5 17. Be3 Qc7 18. Rfd1 Rad8 $11 19. Rd4 Rxd4
20. Qxd4 b6 21. Rd1 Qe7 22. a3 c5 23. Qc3 Rd8 24. Rxd8+ Qxd8 25. h3 Qd1+ 26.
Kh2 Qd6+ 27. Kg1 Qd1+ 28. Kh2 Qd6+ 29. f4 a5 30. Qe5 Qxe5 31. fxe5 a4 32. Bg5
Bd3 33. Bd8 b5 34. cxb5 Bxb5 35. Be7 c4 36. g4 Kh7 37. Kg3 Kg6 38. Kf4 Bd7 39.
h4 f6 40. exf6 gxf6 41. h5+ Kf7 42. Bb4 Be6 43. Bc3 Bd5 44. Bd4 Be6 45. g5
fxg5+ 46. Kxg5 Kg8 47. Kf4 Kh7 48. Be3 Bf7 49. Kg5 Be8 50. h6 Bg6 51. Kf6 Bc2
52. Ke5 Kg6 53. Kd4 Bb3 54. Kc5 Kh7 55. Kb4 Kg6 56. Kc3 Kh7 57. Kb4 Kg8 58. Kc3
Kh7 59. Kb4 1/2-1/2

[Event "PSV Duisburg 1 - SV Erkenschwick 1"]
[Site "NRW-Klasse, Gruppe 1 2015/201"]
[Date "2015.12.20"]
[Round "4.1"]
[White "Bitalzadeh, Ali"]
[Black "Maslak, Sulejman"]
[Result "1/2-1/2"]
[WhiteElo "2363"]
[BlackElo "2301"]
[Annotator "Hausrath,Daniel"]
[PlyCount "103"]
[EventDate "2015.??.??"]
[WhiteTeam "SV Erkenschwick 1"]
[BlackTeam "PSV Duisburg 1"]

1. c4 e5 2. Nc3 d6 3. Nf3 f5 4. g3 Nf6 5. Bg2 Be7 6. O-O c6 7. d3 Na6 8. Rb1
Rb8 9. b4 Bd7 10. b5 Nc5 11. Be3 cxb5 12. Bxc5 dxc5 13. Nxe5 b4 14. Nd5 O-O 15.
Nxf6+ Rxf6 16. Bd5+ Be6 17. e4 Qc7 18. f4 Bxd5 19. cxd5 fxe4 20. dxe4 c4 21.
Rc1 b5 22. Qf3 Ra6 23. Rc2 Rd8 24. Kg2 Bf8 25. Rb1 Qc8 26. f5 Re8 27. Ng4 h5
28. f6 Qd7 29. fxg7 Qxg7 30. Nf2 Qg6 31. Rd2 Bh6 32. Rc2 Ra3 33. Qd1 h4 34. Qg4
Qxg4 35. Nxg4 Bg7 36. Rxb4 a6 37. Nf2 hxg3 38. hxg3 Be5 39. Re2 Rxg3+ 40. Kf1
Kf7 41. Nh1 Ra3 42. Rb1 Ke7 43. Rc1 Rh8 44. Nf2 Rg8 45. Rcc2 Kd6 46. Nd1 Bd4
47. Rh2 Rg1+ 48. Ke2 Kc5 49. d6 Kxd6 50. Rd2 Rd3 51. Rxd3 cxd3+ 52. Kd2 {Rest
nicht leserlich!} 1/2-1/2

[Event "PSV Duisburg 1 - SV Erkenschwick 1"]
[Site "NRW-Klasse, Gruppe 1 2015/201"]
[Date "2015.12.20"]
[Round "4.2"]
[White "Wengenroth, Walter"]
[Black "Erwich, Frank"]
[Result "1/2-1/2"]
[WhiteElo "2207"]
[BlackElo "2329"]
[PlyCount "56"]
[EventDate "2015.??.??"]
[WhiteTeam "PSV Duisburg 1"]
[BlackTeam "SV Erkenschwick 1"]

1. c4 Nf6 2. Nc3 c5 3. g3 e6 4. Nf3 b6 5. Bg2 Bb7 6. O-O Be7 7. d4 cxd4 8. Qxd4
d6 9. Rd1 a6 10. e4 Nbd7 11. Qe3 Qc7 12. b3 Rc8 13. Bb2 O-O 14. Nd4 Qb8 15. Qe2
Qa8 16. Re1 Rfd8 17. Rad1 Bf8 18. g4 g6 19. g5 Nh5 20. Qe3 Qb8 21. Ba1 Ba8 22.
Bf3 Ng7 23. Bg2 Nc5 24. Nde2 b5 25. cxb5 axb5 26. b4 Na6 27. a3 Nc7 28. Ng3 Bb7
1/2-1/2

[Event "PSV Duisburg 1 - SV Erkenschwick 1"]
[Site "NRW-Klasse, Gruppe 1 2015/201"]
[Date "2015.12.20"]
[Round "4.3"]
[White "Van Beek, Alexander"]
[Black "Kleff, Andre"]
[Result "1/2-1/2"]
[WhiteElo "2295"]
[BlackElo "2084"]
[Annotator "Hausrath,Daniel"]
[PlyCount "49"]
[EventDate "2015.??.??"]
[WhiteTeam "SV Erkenschwick 1"]
[BlackTeam "PSV Duisburg 1"]

1. e4 g6 2. d4 Bg7 3. Nc3 c6 4. f4 d5 5. e5 f6 6. Nf3 Nh6 7. Be3 Bg4 8. Be2 O-O
9. h3 Bxf3 10. Bxf3 Nf5 11. Bf2 fxe5 12. fxe5 e6 13. O-O Bh6 14. Qd3 Na6 15.
Rae1 Qe7 16. Nd1 c5 $11 17. dxc5 Nxc5 18. Qa3 b6 19. Ne3 Nxe3 20. Bxe3 Bxe3+
21. Qxe3 Rac8 22. c3 Nd7 23. Kh1 Kg7 24. Rf2 Rf5 25. Rfe2 1/2-1/2

[Event "PSV Duisburg 1 - SV Erkenschwick 1"]
[Site "NRW-Klasse, Gruppe 1 2015/201"]
[Date "2015.12.20"]
[Round "4.4"]
[White "Heisel, Guido"]
[Black "Langers, Alexander"]
[Result "1/2-1/2"]
[WhiteElo "2051"]
[BlackElo "2201"]
[PlyCount "57"]
[EventDate "2015.??.??"]
[WhiteTeam "PSV Duisburg 1"]
[BlackTeam "SV Erkenschwick 1"]

1. d4 Nf6 2. Bg5 d5 3. e3 e6 4. f4 Be7 5. Nd2 b6 6. Bd3 c5 7. c3 Bb7 8. Qf3
Nbd7 9. Ne2 Qc7 10. O-O c4 11. Bc2 b5 12. Qh3 Bd6 13. Ng3 h6 14. Bxf6 Nxf6 15.
Nf3 O-O-O 16. Ne5 Kb8 17. Ne2 Ne4 18. a4 a6 19. axb5 axb5 20. Bxe4 dxe4 21.
Rfb1 f6 22. Ng6 Rhe8 23. g3 Bd5 24. Qf1 Kb7 25. f5 e5 26. Rd1 Qb6 27. Kf2 Bf7
28. Nh4 Bh5 29. Qg2 1/2-1/2

[Event "PSV Duisburg 1 - SV Erkenschwick 1"]
[Site "NRW-Klasse, Gruppe 1 2015/201"]
[Date "2015.12.20"]
[Round "4.5"]
[White "Homs, Guust"]
[Black "Sponheim, Marko"]
[Result "0-1"]
[WhiteElo "2186"]
[BlackElo "1924"]
[PlyCount "66"]
[EventDate "2015.??.??"]
[WhiteTeam "SV Erkenschwick 1"]
[BlackTeam "PSV Duisburg 1"]

1. e4 c5 2. c3 Nf6 3. e5 Nd5 4. d4 cxd4 5. Nf3 Nc6 6. cxd4 d6 7. Bc4 Nb6 8. Bb5
d5 9. Nc3 Bg4 10. Be3 Rc8 11. O-O e6 12. a3 Be7 13. Rc1 O-O 14. Na4 Nc4 15.
Bxc4 dxc4 16. Nc3 a6 17. h3 Bh5 18. g4 Bg6 19. d5 exd5 20. Nxd5 Bd3 21. Nb6
Bxf1 22. Qxf1 Rc7 23. Rd1 Qe8 24. Qxc4 Kh8 25. Kg2 f5 26. g5 Qh5 27. Bf4 Nxe5
28. Qe2 Nxf3 29. Bxc7 Nh4+ 30. Kf1 Qxg5 31. Bg3 Ng6 32. Qf3 f4 33. Bh2 Qb5+ 0-1

[Event "PSV Duisburg 1 - SV Erkenschwick 1"]
[Site "NRW-Klasse, Gruppe 1 2015/201"]
[Date "2015.12.20"]
[Round "4.6"]
[White "Kretschmann, Thomas"]
[Black "Van Zutphen, Jimmy"]
[Result "1/2-1/2"]
[WhiteElo "2086"]
[BlackElo "2185"]
[PlyCount "45"]
[EventDate "2015.??.??"]
[WhiteTeam "PSV Duisburg 1"]
[BlackTeam "SV Erkenschwick 1"]

1. e4 c5 2. c3 d6 3. d4 Nf6 4. Bb5+ Bd7 5. Qe2 Bxb5 6. Qxb5+ Qd7 7. Qxd7+ Nbxd7
8. f3 g6 9. Be3 Rc8 10. Na3 a6 11. Ne2 Bg7 12. O-O O-O 13. Rfd1 b5 14. b3 Rc7
15. c4 cxd4 16. Nxd4 bxc4 17. Nxc4 d5 18. exd5 Nxd5 19. Bf2 Nb4 20. f4 Bxd4 21.
Bxd4 Nc2 22. Rab1 Nxd4 23. Rxd4 1/2-1/2

[Event "PSV Duisburg 1 - SV Erkenschwick 1"]
[Site "NRW-Klasse, Gruppe 1 2015/201"]
[Date "2015.12.20"]
[Round "4.7"]
[White "Eggenstein, Frank"]
[Black "Sirringhaus, Wilfried"]
[Result "0-1"]
[WhiteElo "1939"]
[BlackElo "2054"]
[PlyCount "94"]
[EventDate "2015.??.??"]
[WhiteTeam "SV Erkenschwick 1"]
[BlackTeam "PSV Duisburg 1"]

1. e4 e5 2. Nf3 Nc6 3. d4 exd4 4. Nxd4 Bc5 5. Nb3 Bb6 6. Nc3 a5 7. a4 Nb4 8.
Qe2 d6 9. g3 Nf6 10. Bg5 h6 11. Bf4 Ng4 12. Nd1 g5 13. Be3 Nxe3 14. Nxe3 Bxe3
15. fxe3 c5 16. Bg2 Be6 17. Nc1 Qb6 18. O-O Nc6 19. b3 c4 20. bxc4 Ne5 21. Nd3
Bxc4 22. Rfd1 O-O 23. Qd2 Rac8 24. Rab1 Qa7 25. Re1 Rfd8 26. Nxe5 dxe5 27. Qf2
Kg7 28. Qf5 f6 29. Qf2 Rc7 30. Bf1 Qc5 31. h4 Rd6 32. Bh3 Bf7 33. Rbc1 Qb4 34.
hxg5 hxg5 35. Bf5 Qd2 36. Rf1 Qxf2+ 37. Rxf2 Rc3 38. Re2 Rb6 39. Bd7 Bg6 40.
Bb5 Bxe4 41. Rd1 Bf3 42. Rd7+ Kg6 43. Re1 e4 44. Rd2 Kh5 45. Kf2 Kg4 46. Rc1 f5
47. Rd8 Rh6 0-1

[Event "PSV Duisburg 1 - SV Erkenschwick 1"]
[Site "NRW-Klasse, Gruppe 1 2015/201"]
[Date "2015.12.20"]
[Round "4.8"]
[White "Brueggemann, Josef"]
[Black "Strozewski, Frank"]
[Result "1-0"]
[WhiteElo "1984"]
[BlackElo "1957"]
[Annotator "Hausrath,Daniel"]
[PlyCount "69"]
[EventDate "2015.??.??"]
[WhiteTeam "PSV Duisburg 1"]
[BlackTeam "SV Erkenschwick 1"]

1. e4 d6 2. d4 g6 3. Nf3 Bg7 4. Bd3 Nc6 5. c3 e5 6. Bg5 Bf6 7. Bxf6 Qxf6 8. O-O
Bd7 9. d5 Nd8 10. Nbd2 g5 11. Nc4 Ne7 12. Ne3 h5 13. Qe2 a6 14. c4 b6 15. b4
Ng6 16. Nf5 Nf4 17. Qe3 h4 18. g3 hxg3 19. fxg3 Bxf5 20. exf5 Nxd3 21. Qxd3 Nb7
22. Rae1 Kd7 23. Rf2 Rh3 24. Qe3 Rg8 25. Nd2 Qh6 $11 26. Ne4 f6 27. Qa3 a5 28.
Qa4+ Kc8 29. c5 dxc5 30. bxc5 Rh8 31. Ree2 bxc5 32. Qc6 g4 33. d6 Qg7 34. Rb2
Nd8 35. d7+ 1-0

[Event "LSV Turm Lippstadt 1 - Bahn-SC Wupperta"]
[Site "NRW-Klasse, Gruppe 1 2015/201"]
[Date "2015.12.20"]
[Round "4.1"]
[White "Savchenko, Vyacheslav"]
[Black "Wehmeier, Stefan"]
[Result "1-0"]
[WhiteElo "2321"]
[BlackElo "2393"]
[Annotator "Hausrath,Daniel"]
[PlyCount "75"]
[EventDate "2015.??.??"]
[WhiteTeam "Bahn-SC Wuppertal 1"]
[BlackTeam "LSV Turm Lippstadt 1"]

1. e4 e5 2. Nf3 Nc6 3. Bb5 a6 4. Ba4 Nf6 5. d4 exd4 6. O-O Be7 7. Re1 b5 8. Bb3
d6 9. Bd5 Bb7 10. Nxd4 Nxd5 11. Nxc6 Bxc6 12. exd5 Bb7 13. Bg5 f6 14. Bh4 O-O
15. Nc3 Qd7 16. Qd4 Rae8 17. f3 f5 18. Bxe7 Rxe7 19. Rxe7 Qxe7 20. a4 bxa4 21.
Qxa4 Re8 22. Qd4 h6 23. h3 Qg5 24. Rd1 Bc8 25. f4 Qg3 26. Qf2 Qg6 27. Re1 Rxe1+
28. Qxe1 Kf8 29. Qe3 Qf7 30. Kf2 Qd7 31. Qd4 Bb7 32. Nd1 Qb5 33. Ne3 Bc8 34. b3
Qc5 $11 35. Qd3 Kf7 36. Kf3 Kf6 37. g4 fxg4+ 38. hxg4 1-0

[Event "LSV Turm Lippstadt 1 - Bahn-SC Wupperta"]
[Site "NRW-Klasse, Gruppe 1 2015/201"]
[Date "2015.12.20"]
[Round "4.2"]
[White "Wagner, Alexej"]
[Black "Khanukov, Boris"]
[Result "0-1"]
[WhiteElo "2229"]
[BlackElo "2231"]
[PlyCount "124"]
[EventDate "2015.??.??"]
[WhiteTeam "LSV Turm Lippstadt 1"]
[BlackTeam "Bahn-SC Wuppertal 1"]

1. d4 Nf6 2. c4 e6 3. Nc3 d5 4. cxd5 exd5 5. Bg5 Be7 6. e3 c6 7. Bd3 Nbd7 8.
Qc2 Nf8 9. Nf3 Ne6 10. Bh4 g6 11. O-O O-O 12. Rab1 Ng7 13. b4 a6 14. a4 Bf5 15.
Rfc1 Bxd3 16. Qxd3 Nf5 17. Bxf6 Bxf6 18. b5 axb5 19. axb5 Ra3 20. bxc6 bxc6 21.
Qc2 Qa5 22. Rb2 Rc8 23. Nd2 Bxd4 24. Rb3 Bxc3 25. Rxa3 Qxa3 26. Qxc3 Qxc3 27.
Rxc3 d4 28. exd4 Nxd4 29. Rc4 c5 30. Ne4 Ne6 31. g4 Kf8 32. f4 Nxf4 33. Nxc5
Ke7 34. Rxf4 Rxc5 35. Kg2 h5 36. gxh5 Rxh5 37. h4 Ke6 38. Ra4 Re5 39. Kf3 Kf6
40. Kg4 Kg7 41. Ra7 Rf5 42. Rb7 Rf1 43. Kg3 Kh6 44. Kg2 Rf5 45. Kg3 Kg7 46. Ra7
Rd5 47. Rb7 Kf6 48. Ra7 Ke6 49. Ra3 Rd4 50. Ra6+ Ke5 51. Rb6 Rd3+ 52. Kg2 Kf5
53. Rb7 f6 54. Rb6 Re3 55. Ra6 Re6 56. Ra8 Kg4 57. Rh8 f5 58. Rh6 Ra6 59. Kf2
f4 60. Ke2 Kg3 61. Rh8 f3+ 62. Ke3 Re6+ 0-1